| 000 | 00358nam a2200133Ia 4500 | ||
|---|---|---|---|
| 008 | 160209s9999 xx 000 0 und d | ||
| 100 | _aRossi, G. | ||
| 245 | _aPsychology - selected papers / | ||
| 245 | _cG. Rossi,. | ||
| 260 | _bInTech. | ||
| 260 | _c2012 | ||
| 650 | _xPsychology. | ||
| 856 | _uhttp://www.intechopen.com/books/psychology-selected-papers | ||
| 999 |
_c290496 _d290496 |
||